Echoes of ancient Indian wisdom : (Record no. 24146)
[ view plain ]
| 000 -LEADER | |
|---|---|
| fixed length control field | 02216nam a22003131 4500 |
| 005 - DATE AND TIME OF LATEST TRANSACTION | |
| control field | 20050808122104.0 |
| 008 - FIXED-LENGTH DATA ELEMENTS--GENERAL INFORMATION | |
| fixed length control field | 721219s1962 nyu 000 0 eng |
| 010 ## - LCCN (DPL NO) | |
| LC control number | B-348702-709 |
| 020 ## - INTERNATIONAL STANDARD BOOK NUMBER | |
| International Standard Book Number | 9788122310207 |
| Terms of availability | 295.00 |
| 035 ## - SYSTEM CONTROL NUMBER | |
| System control number | B-348702-709 |
| 037 ## - SOURCE OF ACQUISITION | |
| Source of stock number/acquisition | UBH |
| 040 ## - CATALOGING SOURCE | |
| Original cataloging agency | dpl |
| Language of cataloging | English |
| 082 ## - DEWEY DECIMAL CLASSIFICATION NUMBER | |
| Classification number | 220.21 |
| 100 ## - MAIN ENTRY--PERSONAL NAME | |
| Personal name | Nair, Shantha N. |
| 245 ## - TITLE STATEMENT | |
| Title | Echoes of ancient Indian wisdom : |
| Statement of responsibility, etc | by Shantha N .Nair |
| Remainder of title | the universal Hindu vision and its edifice / |
| 260 ## - PUBLICATION, DISTRIBUTION, ETC. (IMPRINT) | |
| Place of publication, distribution, etc | New Delhi |
| Name of publisher, distributor, etc | Hindology Books |
| Date of publication, distribution, etc | 2008 |
| 270 ## - ADDRESS | |
| Address | J-3/16, Daryaganj |
| City | New Delhi |
| Postal code | 110002 |
| Telephone number | 23276539 |
| -- | 23272783 |
| Electronic mail address | info@pustakmahal.com |
| 300 ## - PHYSICAL DESCRIPTION | |
| Extent | 306 p. |
| Dimensions | 25cm(Hb) |
| 500 ## - GENERAL NOTE | |
| General note | Includes bibliographical references |
| 942 ## - ADDED ENTRY ELEMENTS (KOHA) | |
| Source of classification or shelving scheme | Dewey Decimal Classification |
| Item type | English Books |
| Classification part | 220.21 |
| Call number suffix | NAI |
| Withdrawn status | Lost status | Source of classification or shelving scheme | Damaged status | Not for loan | Collection code | Home library | Current library | Date acquired | Source of acquisition | Cost, normal purchase price | Total Checkouts | Full call number | Barcode | Date last seen | Copy number | Cost, replacement price | Koha item type | Total Renewals |
|---|---|---|---|---|---|---|---|---|---|---|---|---|---|---|---|---|---|---|
| Dewey Decimal Classification | Non-fiction | Bawana | Bawana | 30/10/2009 | UBH/037/27.6.09/70/5.6.09/27.7.09 | 295.00 | 1 | 220.21 NAI | B-348707 | 23/12/2022 | 1 | 295.00 | English Books | |||||
| Dewey Decimal Classification | Non-fiction | Central Library | Central Library | 21/02/2009 | UBH/037/27.6.09/70/5.6.09/27.7.09 | 295.00 | 6 | 220.21 NAI | B-348702 | 28/08/2021 | 1 | 295.00 | English Books | |||||
| Dewey Decimal Classification | Non-fiction | Janak Puri | Janak Puri | 30/10/2009 | UBH/037/27.6.09/70/5.6.09/27.7.09 | 295.00 | 8 | 220.21 NAI | B-348706 | 25/11/2020 | 1 | 295.00 | English Books | 3 | ||||
| Dewey Decimal Classification | Non-fiction | Mobile Library | Mobile Library | 30/10/2009 | UBH/037/27.6.09/70/5.6.09/27.7.09 | 295.00 | 220.21 NAI | B-348703 | 30/10/2009 | 2 | 295.00 | English Books | ||||||
| Dewey Decimal Classification | Non-fiction | Mobile Library | Mobile Library | 30/10/2009 | UBH/037/27.6.09/70/5.6.09/27.7.09 | 295.00 | 220.21 NAI | B-348704 | 30/10/2009 | 2 | 295.00 | English Books | ||||||
| Dewey Decimal Classification | Non-fiction | Patel Nagar | Patel Nagar | 30/10/2009 | UBH/037/27.6.09/70/5.6.09/27.7.09 | 295.00 | 3 | 220.21 NAI | B-348705 | 29/01/2019 | 1 | 295.00 | English Books | |||||
| Dewey Decimal Classification | Non-fiction | Shahdara Branch | Shahdara Branch | 30/10/2009 | UBH/037/27.6.09/70/5.6.09/27.7.09 | 295.00 | 2 | 220.21 NAI | B-348708 | 28/12/2019 | 1 | 295.00 | English Books | 1 |
